O gênero Polystachya (Orchidaceae, Polystachyinae) no estado do Paraná, Brasil (Registro n. 333954)
[ somente texto ]
| 000 -LÍDER | |
|---|---|
| fixed length control field | 03173nab a2200265 i 4500 |
| 003 - CÓDIGO MARC DA AGÊNCIA CATALOGADORA | |
| Campo de controle | BR-BrBNA |
| 005 - DATA E HORA DA ÚLTIMA ATUALIZAÇÃO | |
| Campo de controle | 20250717171345.0 |
| 008 - CAMPO DE TAMANHO FIXO | |
| fixed length control field | 250717b bl.||||| |||| 00| 0 por d |
| 040 ## - FONTE DA CATALOGAÇÃO | |
| Agência catalogadora | BR-BrBNA |
| Idioma da catalogação | por |
| 072 ## - CATEGORIA AGRIS | |
| Código AGRIS | F70 |
| 100 ## - ENTRADA PRINCIPAL - NOME PESSOAL | |
| Nome pessoal | Machnicki-Reis, Miguel |
| 100 ## - ENTRADA PRINCIPAL - NOME PESSOAL | |
| Nome pessoal | Smidt, Eric de Camargo |
| 245 ## - TÍTULO PRINCIPAL | |
| Título principal | O gênero Polystachya (Orchidaceae, Polystachyinae) no estado do Paraná, Brasil |
| 500 ## - NOTA GERAL | |
| Nota geral | Publicação on-line; 27 ref.; 2 illus.; Summaries (En, Pt) |
| 942 ## - ADDED ENTRY ELEMENTS (KOHA) | |
| Koha item type | Analítica |
| 520 ## - NOTA DE RESUMO | |
| Nota de conteúdo | <br/><br/>Resumo<br/><br/>Polystachya compreende cerca de 200 espécies epífitas e terrestres, com distribuição Pantropical. As<br/>espécies do gênero destacam-se pois nem o pedúnculo e nem o ovário ressupinam, de modo que o labelo<br/>está posicionado na parte superior da flor. O objetivo deste estudo foi realizar o tratamento taxonômico<br/>de Polystachya no estado do Paraná, apresentando descrições, pranchas, mapas de distribuição, chave de<br/>identificação, estado de conservação e comentários para cada espécie. São encontradas quatro espécies<br/>para o estado do Paraná, sendo o primeiro registro de P. rupicola. O gênero ocorre predominantemente<br/>na Floresta Ombrófila Densa, com alguns registros na Floresta Ombrófila Mista e em Estepe Gramíneo<br/>Lenhosa no estado. De acordo com os critérios da IUCN, P. rupicola é considerada como criticamente<br/>em perigo, P. caespitosa, P. caracasana e P. concreta como em perigo, devido a destruição do habitat e<br/>coleta indiscriminada. É proposta a lectotipificação para P. caespitosa. <br/><br/>Palavras-chave: biodiversidade, flora do Paraná, IUCN, Mata Atlântica, monocodiledoneas.<br/><br/><br/><br/><br/><br/>Abstract<br/><br/>Polystachya comprises ca. 200 epiphytes and terrestrial species with a Pantropical distribution. The<br/>species of this genus are highlighted because of neither the pedicel nor the ovary resupinate, so the lip<br/>is positioned in the uppermost position in the flower. This study aimed to do the taxonomic treatment<br/>of Polystachya in Paraná state, presenting the descriptions, plates, distribution maps, identification key,<br/>conservation status, comments for each species. Four species are found for the state of Paraná, being the<br/>first record of P. rupicola. The genus occurs predominantly in the Floresta Ombrófila Densa, with some<br/>records in Floresta Ombrófila Mista and Estepe Gramíneo Lenhosa in the state. According to the criteria<br/>of the IUCN, P. rupicola can be considered as critically endangered and P. caespitosa, P. caracasana<br/>and P. concreta as endangered due to the habitat destruction and indiscriminate collection. A lectotype<br/>is proposed for P. caespitosa.<br/><br/>Key words: biodiversity, flora of Paraná, IUCN, Atlantic Forest, monocots. |
| 650 ## - ASSUNTO - THESAGRO | |
| Cabeçalho tópico ou nome geográfico | BIODIVERSIDADE |
| 650 ## - ASSUNTO - THESAGRO | |
| Cabeçalho tópico ou nome geográfico | FLORA |
| 650 ## - ASSUNTO - THESAGRO | |
| Cabeçalho tópico ou nome geográfico | PARANÁ |
| 650 ## - ASSUNTO - THESAGRO | |
| Cabeçalho tópico ou nome geográfico | MATA ATLÂNTICA |
| 650 ## - ASSUNTO - THESAGRO | |
| Cabeçalho tópico ou nome geográfico | MONOCOTILEDÔNEA |
| 773 0# - ENTRADA ANALÍTICA | |
| Host Biblionumber | 709 |
| Registro do item | 351354 |
| Imprenta | Rio de Janeiro-RJ Jardim Botanico do Rio de Janeiro 1935 |
| Outro identificador | 2025-3977 |
| Título | Rodriguésia (Brazil) |
| ISSN | 0370-6583; 2175-7860 on-line |
| Colação | v. 70 p. 1-9; (2019) |
| Número de controle de registro | BR2025003258 |
| 856 ## - ACESSO E ENDEREÇO ELETRÔNICO | |
| Identificador uniforme de recurso - URI | https://www.scielo.br/j/rod/a/RHV5K4CQGQBVLrqWFy6ysby/?format=pdf&lang=pt |
Nenhum exemplar disponível.

BINAGRI